|
|
|
|
| LEADER |
01034nam a2200241 a 4500 |
| 001 |
26986 |
| 008 |
130513r19651938nyu b 001 0 eng d |
| 010 |
|
|
|a 65006220
|
| 040 |
|
|
|a DLC
|c DLC
|d DLC
|d BD-DhAAL
|
| 082 |
0 |
0 |
|a 321.092
|
| 100 |
1 |
|
|a Brinton, Crane,
|d 1898-1968.
|
| 245 |
1 |
4 |
|a The anatomy of revolution /
|c Crane Brinton.
|
| 250 |
|
|
|a Rev. and expanded ed.
|
| 260 |
|
|
|a New York :
|b Vintage Books,
|c c1965.
|
| 300 |
|
|
|a x, 310 p. ;
|c 19 cm.
|
| 500 |
|
|
|a Inclues index at the end of the book.
|
| 504 |
|
|
|a Annotated bibliography: p. [272]-296.
|
| 541 |
1 |
|
|e 26986
|
| 650 |
|
0 |
|a Revolutions.
|
| 852 |
1 |
|
|a Ayesha Abed Library
|j General Shelf.
|
| 999 |
|
|
|c 13445
|d 13445
|
| 952 |
|
|
|0 0
|1 0
|2 ddc
|4 0
|6 321_092000000000000_BRI
|7 0
|9 22394
|a BRACUL
|b BRACUL
|c GEN
|d 2013-05-19
|e Trim Education
|g 1375.00
|l 4
|m 13
|o 321.092 BRI
|p 3010026986
|r 2025-10-22
|s 2025-09-09
|t 1
|w 2013-05-19
|y BK
|
| 952 |
|
|
|0 0
|1 0
|2 ddc
|4 0
|6 321_092000000000000_BRI
|7 0
|9 22395
|a BRACUL
|b BRACUL
|c GEN
|d 2013-05-19
|e Trim Education
|g 1375.00
|l 0
|o 321.092 BRI
|p 3010026987
|r 2013-05-19
|t 2
|w 2013-05-19
|y BK
|